000 00692nam a22001817a 4500
999 _c176317
_d176317
005 20201215112734.0
010 _aENG-128658
020 _a978-93-5287-531-3
_c895.00
035 _aEN-112190
037 _bDBAD/PUB
082 _a330.092
100 _aShome, Parthasarathi
245 _aVirtus in Arduis: I Did It My Way/
_cParthasarathi Shome
260 _aTelangana
_bOrient Blackswan Private Limited
_c2019
270 _bTelangana
_e500029
_a3-6-752, Himayatnagar, Hyderabad
_minfo@orientblackswan.com
300 _axxii+264p.
_c22cm(hbk)
_bincluding index.
942 _2ddc
_cEN
_h330.092
_mSHO